Statistiques concernant Les 100 plus grandes villes de France en Provence Alpes Côte d'Azur

Cliquez ici pour prendre le quiz!

Statistiques générales

  • Ce quiz a été pris 127 fois
  • Le résultat moyen est 7 sur 8

Statistiques - réponses

Ville
Population
(en milliers)
% Correct
2Marseille870
100%
5Nice342
97%
13Toulon178
95%
67Cannes74
90%
23Aix en Provence145
86%
48Avignon91
79%
68Antibes73
70%
88La Seyne sur Mer62
46%

Distribution des résultats

Percentile par nombre de réponses

% des personnes avec chaque résultat

Votre développement - résultats

Vous n’avez pas pris ce quiz